000 00519nam a2200217Ia 4500
003 OSt
005 20231122123549.0
008 210210b1969 xxu||||| |||| 00| 0 eng d
040 _cAL
041 _aEnglish
082 _a530 HALP
100 _aHALLIDAY (David) & RESNICK (Robert).
_9142989
245 _aPhysics. part 1
250 _a2
260 _aND
_bWiley Eastern Pvt Ltd.
_c1969
300 _axvii,63,646
650 _aPhysics
_9142990
690 _aPhysics
_9142990
906 _a027054
942 _2ddc
_cBK
999 _c78358
_d78358